000 01641nam0a2200301 4500
001 RU\NLR\BIBL_A\012155890
005 20191219145850.0
021 _aRU
_bКН-П-19-081894
_9КН-П-19-5955
035 _a(NLR Aleph) 012155890
035 _a(RuMoRGB)010138840
090 _a12166484
_c12166484
100 _a20191205d2018 u y0rusy50 ca
101 0 _arus
102 _aRU
105 _aa|||j|||000zy
200 1 _aХимия гетероциклических соединений
_eучебное пособие
_e[для студентов-магистров направления "Химия"]
_fЕ.С. Ильиных, Д.Г. Ким, К.Ю. Ошеко
_gМинистерство образования и науки Российской Федерации, Южно-Уральский государственный университет, Кафедра "Теоретическая и прикладная химия"
210 _aЧелябинск
_cИздательский центр ЮУрГУ
_d2018
215 _a47 с.
_cил.
_d21
320 _aБиблиогр.: с. 45 (13 назв.)
606 1 _aГетероциклические соединения
_jУчебные издания для высших учебных заведений
_9909798
_3RU\NLR\AUTH\6612346
686 1 _aГ26я73-1
700 1 _aИльиных
_bЕ. С.
_gЕлена Сергеевна
701 1 _aКим
_bД. Г.
_gДмитрий Гымнанович
701 1 _aОшеко
_bК. Ю.
_gКсения Юрьевна
942 _cBOOK
980 _aNB